Americans Who Were Knighted - Statistics

General Stats
  • This quiz has been taken 235 times
  • The average score is 10 of 18
Answer Stats
Hint Answer % Correct
Microsoft founder, philanthropist. Bill Gates
96%
U.S. President and father of President. George H. W. Bush
91%
Director of “Jaws,” “E.T.,” “Indiana Jones,” etc. Steven Spielberg
81%
President who preceded ^ Ronald Reagan
77%
Five-star general, WWII leader, President. Dwight D. Eisenhower
76%
Longtime U.S. Senator and brother of President. Edward Kennedy
74%
Longtime FBI director, alleged cross-dresser. J. Edgar Hoover
67%
Comedian, actor (movies with Bing Crosby), U.S.O. tours. Bob Hope
65%
Sec. of State under Nixon, Nobel Prize winner. Henry Kissinger
59%
WWII general in Philippines. Fired by Truman. Douglas MacArthur
58%
Former NYC mayor, presidential candidate. Rudolph Giuliani
57%
Celebrity evangelist, spiritual advisor to Presidents. Billy Graham
54%
Military leader of Desert Storm. Norman Schwarzkopf, Jr.
36%
With Francis Crick, proposed DNA double-helix structure. James D. Watson
31%
Fed. Reserve Chair 1987-2006. "Irrational exuberance." Alan Greenspan
28%
Great violinist. First name is Yehudi! Yehudi Menuhin
25%
Five-star general, WWII leader, namesake of Fighting Vehicle. Omar Bradley
19%
Pioneering radio and TV news broadcaster of WWII and later. Edward R. Murrow
11%
No matching quizzes found
Score Distribution
Percent of People with Each Score
Percentile by Number Answered
Your Score History
You have not taken this quiz